| 000 | 00720nam a2200253 i 4500 | ||
|---|---|---|---|
| 001 | 54800 | ||
| 003 | ES-MaACL | ||
| 005 | 20230906163026.0 | ||
| 007 | t| | ||
| 008 | 040114s2002 sp ||||0| spa d | ||
| 020 | _a84-08-04555-5 | ||
| 040 |
_aM-BN _bspa _cM-BN |
||
| 080 | _a316.627 | ||
| 080 | _a364.467 | ||
| 100 | 1 |
_aCarreras, Ignasi. _935655 |
|
| 245 | 1 | 0 |
_aVivir solidariamente _b: es posible día a día / _cIgnasi Carreras, Marita Osés. |
| 250 | _a1ª ed. | ||
| 260 |
_aBarcelona : _bPlaneta, _c2002. |
||
| 300 |
_a325 p ; _c23 cm. |
||
| 650 | 1 | 4 |
_aSolidaridad. _917226 |
| 650 | 1 | 4 |
_aVoluntariado social. _917849 |
| 700 | 1 |
_aOsés, María Asunción. _987742 |
|
| 852 |
_aES-MaACL _jL-26793 _bR.132395 |
||
| 999 |
_c54800 _d54800 |
||